| 000 | 00774nam a22002057a 4500 | ||
|---|---|---|---|
| 003 | NUST - PNEC | ||
| 005 | 20170116181204.0 | ||
| 008 | 160222b xxu||||| |||| 00| 0 eng d | ||
| 020 | _a9788184872620 | ||
| 040 | _cLIBRARY | ||
| 082 | _a621.4 DAS | ||
| 100 |
_916586 _aDash, Sukanta K. |
||
| 245 |
_aEngineering Equation Solver : application to engineering and thermal engineering problems _cSukanta K. Dash, |
||
| 250 | _a- | ||
| 260 |
_aNew Delhi : _bNarosa Publishing House _cc.2014 |
||
| 300 | _a402 pages | ||
| 650 |
_916585 _aMechanical engineering--Mathematics _xME, IME |
||
| 856 | _uhttp://www.amazon.in/Engineering-Equation-Solver-Application-Problems/dp/8184872623/ref=sr_1_1?s=books&ie=UTF8&qid=1456122143&sr=1-1&keywords=9788184872620 | ||
| 942 |
_2ddc _cBK |
||
| 999 |
_c71570 _d71570 |
||